[Event "DVM U10 2015"]
[Site "Magdeburg GER"]
[Date "2015.12.28"]
[Round "5"]
[White "Klahold, Rona"]
[Black "Neumann, Kai-Minh"]
[Result "0-1"]
[Termination "normal"]
[Board "19.3"]
[WhiteElo "896"]
[BlackElo "831"]
[WhiteTeam "SK Blauer Springer Paderborn 1926"]
[BlackTeam "SC Borussia 1920 Friedrichsfelde"]
[PlyCount "67"]
[WhiteFideId "16222970"]
[BlackFideId "16286227"]
[EventCountry "GER"]
[EventRounds "7"]
[EventType "team-swiss"]
[EventDate "2015.12.27"]

1. d4 Nf6 2. Nf3 d5 3. Nc3 Nc6 4. Bf4 Bf5 5. a3 e6 6. e3 a6 7. Bd3 Ne4 8. O-O
Nxc3 9. bxc3 Qe7 10. Bxf5 exf5 11. Qd3 g6 12. Ne5 Bg7 13. Nxc6 bxc6 14. Rfb1
O-O 15. Rb7 Rac8 16. Qxa6 Qe4 17. Qxc6 Qxc2 18. Bxc7 Rfe8 19. h3 Bf8 20. Qxd5
Qxc3 21. Be5 Qxa1+ 22. Kh2 Re7 23. Qd6 Re6 24. Qd7 Re7 25. Qxc8 Qxa3 26. d5 Qa6
27. Rb8 Qxc8 28. Rxc8 Rxe5 29. Rd8 Kg7 30. d6 Rd5 31. d7 Be7 32. Rc8 Bf6 33. f3
Rxd7 34. g4 0-1

[Event "DVM U10 2015"]
[Site "Magdeburg GER"]
[Date "2015.12.28"]
[Round "5"]
[White "Klühs, Gustaf"]
[Black "Müller, Linus"]
[Result "1/2-1/2"]
[Termination "normal"]
[Board "20.1"]
[WhiteElo "1129"]
[BlackElo "936"]
[WhiteTeam "Sfr.Nord-Ost Berlin 2"]
[BlackTeam "Hamburger SK von 1830 2"]
[PlyCount "55"]
[WhiteFideId "16228936"]
[BlackFideId "16245946"]
[EventCountry "GER"]
[EventRounds "7"]
[EventType "team-swiss"]
[EventDate "2015.12.27"]

1. d4 d5 2. Nf3 Nc6 3. c3 Bg4 4. e3 e5 5. dxe5 Nxe5 6. Nbd2 Nf6 7. h3 Bxf3 8.
Nxf3 Nc6 9. Bb5 a6 10. Ba4 b5 11. Bc2 Bc5 12. O-O O-O 13. Nd4 Bxd4 14. exd4 Re8
15. Bg5 h6 16. Bxf6 Qxf6 17. Qd3 g6 18. Rfe1 Ne7 19. Qg3 Nf5 20. Rxe8+ Rxe8 21.
Bxf5 Qxf5 22. Qxc7 Re2 23. Rf1 Rxb2 24. Qa5 Qe6 25. a4 bxa4 26. Qxa4 Rb6 27.
Ra1 Rc6 28. Ra3 1/2-1/2

[Event "DVM U10 2015"]
[Site "Magdeburg GER"]
[Date "2015.12.28"]
[Round "5"]
[White "Söhlke, Arno"]
[Black "Reine, Samuel"]
[Result "1-0"]
[Termination "normal"]
[Board "20.3"]
[WhiteElo "901"]
[BlackElo "870"]
[WhiteTeam "Sfr.Nord-Ost Berlin 2"]
[BlackTeam "Hamburger SK von 1830 2"]
[PlyCount "79"]
[EventCountry "GER"]
[EventRounds "7"]
[EventType "team-swiss"]
[EventDate "2015.12.27"]

1. d4 Nf6 2. c4 g6 3. Nc3 Bg7 4. Bg5 O-O 5. e3 d6 6. Nf3 Bf5 7. Bd3 Bxd3 8.
Qxd3 b6 9. O-O c5 10. d5 h6 11. Bh4 Qd7 12. Nb5 a6 13. Nc3 e6 14. Ne4 Nxe4 15.
Qxe4 f5 16. Qc2 b5 17. cxb5 Qxb5 18. dxe6 Bxb2 19. Rab1 Nc6 20. Qxb2 Qxb2 21.
Rxb2 Rfe8 22. Rb6 Na5 23. Rxd6 g5 24. Bg3 Kg7 25. Be5+ Kg6 26. Rc1 g4 27. Nh4+
Kg5 28. g3 Re7 29. Rxc5 Nb7 30. f4+ gxf3 31. Rdc6 Nxc5 32. Rxc5 Rxe6 33. Nxf3+
Kg4 34. Kg2 Rb8 35. h3+ Kh5 36. g4+ fxg4 37. Bxb8+ Kg6 38. hxg4 Rxe3 39. Ne5+
Kg5 40. Nc4+ 1-0

[Event "DVM U10 2015"]
[Site "Magdeburg GER"]
[Date "2015.12.28"]
[Round "5"]
[White "Kalina, Lena"]
[Black "Hartmann, Samuel"]
[Result "1-0"]
[Termination "normal"]
[Board "21.1"]
[WhiteElo "1410"]
[BlackElo "888"]
[WhiteTeam "SC Landskrone"]
[BlackTeam "SG Niederkassel"]
[PlyCount "45"]
[WhiteFideId "12988014"]
[EventCountry "GER"]
[EventRounds "7"]
[EventType "team-swiss"]
[EventDate "2015.12.27"]

1. e4 e5 2. Nf3 Nc6 3. Bb5 Bc5 4. O-O Nf6 5. Re1 O-O 6. c3 d5 7. exd5 Qxd5 8.
Bxc6 Qxc6 9. Nxe5 Bg4 10. Nxg4 Nxg4 11. Qxg4 Rae8 12. Rxe8 Qxe8 13. Qd1 Qe7 14.
d4 Re8 15. g3 Bd6 16. Be3 c5 17. dxc5 Bxc5 18. Bxc5 Qxc5 19. Nd2 g5 20. Nb3 Qe5
21. Rc1 f5 22. Nd4 f4 23. Nf3 {Rest nicht nachvollziehbar} 1-0

[Event "DVM U10 2015"]
[Site "Magdeburg GER"]
[Date "2015.12.28"]
[Round "5"]
[White "Gehle, Joshua"]
[Black "Schmidt, Dirk"]
[Result "1-0"]
[Termination "normal"]
[Board "22.1"]
[WhiteElo "910"]
[BlackElo "973"]
[WhiteTeam "SV Bad Schwartau von 1930"]
[BlackTeam "SV Empor Erfurt 2"]
[PlyCount "113"]
[WhiteFideId "16273753"]
[BlackFideId "16220544"]
[EventCountry "GER"]
[EventRounds "7"]
[EventType "team-swiss"]
[EventDate "2015.12.27"]

1. e4 e5 2. Nf3 Nc6 3. Bb5 Nf6 4. Nc3 Bb4 5. d3 d6 6. Ba4 Bxc3+ 7. bxc3 d5 8.
Nxe5 Bd7 9. Nxc6 Bxc6 10. Bxc6+ bxc6 11. exd5 Qxd5 12. O-O O-O 13. Re1 Rae8 14.
Rxe8 Rxe8 15. Bb2 Re6 16. c4 Qg5 17. Qf3 Qd2 18. Qd1 Qg5 19. Qf3 Qd2 20. Qd1
Qf4 21. Qf3 Qd2 22. Qd1 Qb4 23. Rb1 Ng4 24. Bxg7 Qd6 25. Qxg4 Rg6 26. Rb8+ Kxg7
27. Qc8 Kh6 28. Qf8+ Rg7 29. Qxd6+ cxd6 30. Rb6 Rg6 31. Rxc6 Re6 32. h3 Re1+
33. Kh2 Rc1 34. Rxd6+ Kg7 35. d4 Rxc2 36. c5 Rxa2 37. f3 Kf8 38. c6 Rc2 39. d5
Ke7 40. Rd7+ Kf6 41. c7 a5 42. d6 a4 43. Rd8 a3 44. c8=Q Rxc8 45. Rxc8 a2 46.
Ra8 a1=Q 47. Rxa1 Ke6 48. Rd1 Kd7 49. g4 f6 50. Kg3 h6 51. Kf4 f5 52. Kxf5 h5
53. gxh5 Kc8 54. d7+ Kd8 55. Rd6 Ke7 56. d8=Q+ Kf7 57. Rd7# 1-0

[Event "DVM U10 2015"]
[Site "Magdeburg GER"]
[Date "2015.12.28"]
[Round "5"]
[White "Mantu, Gabriel"]
[Black "Sallandt, Frido"]
[Result "0-1"]
[Termination "normal"]
[Board "22.2"]
[WhiteElo "947"]
[BlackElo "987"]
[WhiteTeam "SV Empor Erfurt 2"]
[BlackTeam "SV Bad Schwartau von 1930"]
[PlyCount "58"]
[WhiteFideId "16278046"]
[BlackFideId "16231767"]
[EventCountry "GER"]
[EventRounds "7"]
[EventType "team-swiss"]
[EventDate "2015.12.27"]

1. b4 e5 2. Bb2 Nc6 3. b5 Nd4 4. e3 Nxb5 5. Bxb5 c6 6. Be2 d5 7. Bxe5 f6 8. Bb2
Bc5 9. Nf3 Ne7 10. O-O Bf5 11. d4 Bd6 12. c4 Qc7 13. h3 dxc4 14. Bxc4 g5 15.
Nbd2 O-O-O 16. Re1 h5 17. e4 Bxh3 18. gxh3 g4 19. hxg4 hxg4 20. e5 gxf3 21.
exd6 Qxd6 22. Be6+ Kb8 23. Nxf3 Ng6 24. d5 Rdf8 25. dxc6 Qxc6 26. Bf5 Nf4 27.
Be4 Rfg8+ 28. Kf1 Rh1+ 29. Ng1 Rgxg1# 0-1

[Event "DVM U10 2015"]
[Site "Magdeburg GER"]
[Date "2015.12.28"]
[Round "5"]
[White "Dethloff, Florian"]
[Black "Runds, Emily Sophie"]
[Result "0-1"]
[Termination "normal"]
[Board "22.3"]
[WhiteElo "758"]
[BlackElo "976"]
[WhiteTeam "SV Bad Schwartau von 1930"]
[BlackTeam "SV Empor Erfurt 2"]
[PlyCount "76"]
[BlackFideId "16235231"]
[EventCountry "GER"]
[EventRounds "7"]
[EventType "team-swiss"]
[EventDate "2015.12.27"]

1. e4 e5 2. Nf3 Nc6 3. Bc4 Bc5 4. Nc3 Nf6 5. d3 d6 6. Bg5 h6 7. Bh4 Bg4 8. Nd5
a6 9. O-O g5 10. Bg3 Nh5 11. h3 Be6 12. Ne3 Bxc4 13. dxc4 Nxg3 14. fxg3 Qd7 15.
Kh2 Bxe3 16. Re1 Bc5 17. a3 O-O-O 18. c3 g4 19. Ng1 gxh3 20. Nxh3 Rdg8 21. Rf1
Kb8 22. Rf3 f6 23. Rxf6 Qg7 24. Qf3 Ne7 25. Rf7 Qg6 26. b4 Ba7 27. Rxe7 Rf8 28.
Nf4 Qf6 29. Re6 Qg7 30. Rg6 Qf7 31. Qh5 exf4 32. Rf1 Qxc4 33. Rxf4 Rxf4 34.
gxf4 Qxe4 35. Rxh6 Rg8 36. Rg6 Rxg6 37. Kh3 Qxg2+ 38. Kh4 Qg3# 0-1

[Event "DVM U10 2015"]
[Site "Magdeburg GER"]
[Date "2015.12.28"]
[Round "5"]
[White "Mantu, Valentin"]
[Black "Hirsekorn, Greta"]
[Result "1-0"]
[Termination "normal"]
[Board "22.4"]
[WhiteElo "952"]
[BlackElo "737"]
[WhiteTeam "SV Empor Erfurt 2"]
[BlackTeam "SV Bad Schwartau von 1930"]
[PlyCount "31"]
[WhiteFideId "16278054"]
[BlackFideId "16252705"]
[EventCountry "GER"]
[EventRounds "7"]
[EventType "team-swiss"]
[EventDate "2015.12.27"]

1. b4 e5 2. Bb2 Nc6 3. b5 Ba3 4. Nxa3 Na5 5. Bxe5 d6 6. Bxg7 a6 7. c3 Bf5 8.
bxa6 bxa6 9. Qa4+ Nc6 10. Qxc6+ Bd7 11. Qe4+ Ne7 12. Bxh8 Rb8 13. Bf6 c6 14.
Qxh7 Qa5 15. Qh8+ Ng8 16. Qxg8# 1-0

[Event "DVM U10 2015"]
[Site "Magdeburg GER"]
[Date "2015.12.28"]
[Round "5"]
[White "Tran Minh, Duc"]
[Black "Fuhrmann, Bahne"]
[Result "1-0"]
[Termination "normal"]
[Board "23.1"]
[WhiteElo "796"]
[BlackElo "1131"]
[WhiteTeam "SF Hettstedt 2"]
[BlackTeam "Hamburger SK von 1830 4"]
[PlyCount "39"]
[BlackFideId "16244842"]
[EventCountry "GER"]
[EventRounds "7"]
[EventType "team-swiss"]
[EventDate "2015.12.27"]

1. e4 e6 2. d4 d5 3. exd5 exd5 4. Nf3 Nc6 5. Nc3 Nf6 6. Bf4 a6 7. Bd3 Bg4 8.
O-O Nxd4 9. Qe1+ Be7 10. Nxd4 c5 11. Nf5 Nh5 12. Bd6 c4 13. Bxe7 Qd7 14. Bc5+
Kd8 15. Be2 Bxe2 16. Qxe2 Qxf5 17. Qe7+ Kc8 18. Bb6 Qf4 19. Nxd5 Qb8 20. Rad1
1-0

[Event "DVM U10 2015"]
[Site "Magdeburg GER"]
[Date "2015.12.28"]
[Round "5"]
[White "Derling, Charlotte"]
[Black "Braun, Erik"]
[Result "1-0"]
[Termination "normal"]
[Board "24.1"]
[WhiteElo "925"]
[BlackElo "991"]
[WhiteTeam "SV Roter Turm Halle 2"]
[BlackTeam "Peiner SV"]
[PlyCount "37"]
[WhiteFideId "16222237"]
[EventCountry "GER"]
[EventRounds "7"]
[EventType "team-swiss"]
[EventDate "2015.12.27"]

1. e4 e5 2. Nf3 Nc6 3. d4 exd4 4. Nxd4 Nxd4 5. Qxd4 Nf6 6. e5 Qe7 7. Bg5 Qb4+
8. Qxb4 Bxb4+ 9. Nc3 Ne4 10. Rd1 Nxc3 11. bxc3 Bxc3+ 12. Bd2 Bxe5 13. Bc4 O-O
14. O-O d6 15. Bd5 Re8 16. Be3 b6 17. Bd4 Bxd4 18. Rxd4 Ba6 19. Re1 {Rest nicht
nachvollziehbar} 1-0

[Event "DVM U10 2015"]
[Site "Magdeburg GER"]
[Date "2015.12.28"]
[Round "5"]
[White "Stein, Luis"]
[Black "Kageler, Anton Paul"]
[Result "1-0"]
[Termination "normal"]
[Board "24.2"]
[WhiteElo "943"]
[BlackElo "964"]
[WhiteTeam "Peiner SV"]
[BlackTeam "SV Roter Turm Halle 2"]
[PlyCount "103"]
[WhiteFideId "16268407"]
[BlackFideId "16244850"]
[EventCountry "GER"]
[EventRounds "7"]
[EventType "team-swiss"]
[EventDate "2015.12.27"]

1. e4 c5 2. c4 Nc6 3. Nc3 d6 4. Nf3 Bd7 5. d4 cxd4 6. Nxd4 Nf6 7. Nxc6 Bxc6 8.
f3 g6 9. Bd3 Bg7 10. Bf4 O-O 11. Qc2 e5 12. Be3 Qd7 13. Nd5 b6 14. Bg5 Nxd5 15.
exd5 Bb7 16. O-O h6 17. Be3 Rac8 18. Qd2 a6 19. Bxh6 b5 20. Bxg7 Kxg7 21. cxb5
axb5 22. Be4 Qe7 23. Qe2 Ra8 24. a3 Qg5 25. Rf2 Ba6 26. Qd2 Qxd2 27. Rxd2 Bb7
28. Bd3 Rfd8 29. Bxb5 Ra5 30. Bc6 Rb8 31. Bxb7 Rxb7 32. b4 Ra6 33. Rc2 Rba7 34.
Rc6 Rxa3 35. Rxa3 Rxa3 36. Rxd6 Rd3 37. b5 Kf8 38. b6 Ke7 39. Rc6 Rxd5 40. Rc7+
Kd8 41. Rxf7 Rb5 42. Rf6 Ke7 43. Rxg6 Rb1+ 44. Kf2 Rb2+ 45. Kg3 Kf7 46. Rc6 Rb5
47. Rc7+ Ke6 48. b7 Kd6 49. Rf7 Kc6 50. h4 Rxb7 51. Rxb7 Kxb7 52. h5 1-0

[Event "DVM U10 2015"]
[Site "Magdeburg GER"]
[Date "2015.12.28"]
[Round "5"]
[White "Mielewsky, Karl-Josef"]
[Black "Post, Patrick"]
[Result "0-1"]
[Termination "normal"]
[Board "24.3"]
[WhiteElo "849"]
[BlackElo "926"]
[WhiteTeam "SV Roter Turm Halle 2"]
[BlackTeam "Peiner SV"]
[PlyCount "52"]
[EventCountry "GER"]
[EventRounds "7"]
[EventType "team-swiss"]
[EventDate "2015.12.27"]

1. e4 e5 2. Nf3 Nc6 3. Nc3 Nf6 4. Bb5 d6 5. Bxc6+ bxc6 6. d3 Be7 7. Be3 O-O 8.
Qe2 Be6 9. Ng5 Bg4 10. Qd2 d5 11. exd5 cxd5 12. d4 e4 13. h3 Bd7 14. O-O-O h6
15. Ngxe4 dxe4 16. g4 a5 17. g5 hxg5 18. h4 g4 19. h5 a4 20. a3 Bc6 21. h6 g6
22. h7+ Kh8 23. Bh6 Re8 24. Kb1 e3 25. Qxe3 Bxa3 26. d5 Rxe3 0-1

[Event "DVM U10 2015"]
[Site "Magdeburg GER"]
[Date "2015.12.28"]
[Round "5"]
[White "Graw, Alexander"]
[Black "Pfefferkorn, Paul"]
[Result "1/2-1/2"]
[Termination "normal"]
[Board "25.1"]
[WhiteElo "1008"]
[BlackElo "799"]
[WhiteTeam "SF Hettstedt 1"]
[BlackTeam "USV TU Dresden 2"]
[PlyCount "40"]
[WhiteFideId "16227670"]
[BlackFideId "16255330"]
[EventCountry "GER"]
[EventRounds "7"]
[EventType "team-swiss"]
[EventDate "2015.12.27"]

1. e4 e5 2. Nf3 Nc6 3. d4 d6 4. Bc4 Be7 5. O-O Bg4 6. d5 Nd4 7. Be2 Nxe2+ 8.
Qxe2 Nf6 9. Nc3 O-O 10. Be3 c6 11. dxc6 bxc6 12. h3 Bh5 13. Rfd1 h6 14. a3 Bg6
15. Qd3 d5 16. Nxe5 dxe4 17. Qxd8 Bxd8 18. Nxg6 fxg6 19. Rd6 Bc7 20. Rxc6 Be5
1/2-1/2

[Event "DVM U10 2015"]
[Site "Magdeburg GER"]
[Date "2015.12.28"]
[Round "5"]
[White "Schulz, Rafael"]
[Black "Isensee, Lennart"]
[Result "0-1"]
[Termination "normal"]
[Board "25.2"]
[WhiteElo "812"]
[BlackElo "924"]
[WhiteTeam "USV TU Dresden 2"]
[BlackTeam "SF Hettstedt 1"]
[PlyCount "75"]
[EventCountry "GER"]
[EventRounds "7"]
[EventType "team-swiss"]
[EventDate "2015.12.27"]

1. e4 e5 2. Nf3 Nc6 3. Bc4 Nf6 4. Nc3 Bb4 5. d3 Nd4 6. Nxe5 O-O 7. O-O d6 8.
Nf3 Bg4 9. Nd5 Nxd5 10. Bxd5 Qf6 11. Bg5 Qg6 12. c3 Bxf3 13. gxf3 Qxg5+ 14. Kh1
c6 15. Rg1 Qh5 16. cxd4 cxd5 17. a3 Ba5 18. b4 Bb6 19. Rg2 Bxd4 20. f4 Qh4 21.
Ra2 Qxf4 22. Qh5 Qc1+ 23. Rg1 Qf4 24. exd5 Bxf2 25. Rf1 Qh4 26. Qxh4 Bxh4 27.
Rg1 Rae8 28. Rag2 g6 29. Rg4 Bf2 30. Rf1 f5 31. Rc4 Re1 32. Rxe1 Bxe1 33. Rc7
f4 34. Kg2 f3+ 35. Kf1 g5 36. Rxb7 h5 37. Rxa7 h4 38. b5 {nicht mehr
nachvollziehbar} 0-1

[Event "DVM U10 2015"]
[Site "Magdeburg GER"]
[Date "2015.12.28"]
[Round "5"]
[White "Lehmann, Taylor"]
[Black "Posselt, Marcus"]
[Result "1/2-1/2"]
[Termination "normal"]
[Board "25.3"]
[WhiteElo "949"]
[BlackElo "890"]
[WhiteTeam "SF Hettstedt 1"]
[BlackTeam "USV TU Dresden 2"]
[PlyCount "100"]
[WhiteFideId "16240642"]
[EventCountry "GER"]
[EventRounds "7"]
[EventType "team-swiss"]
[EventDate "2015.12.27"]

1. e4 e5 2. Nf3 Nc6 3. Nc3 Nf6 4. Bb5 d6 5. d3 Be7 6. Nd5 O-O 7. Bg5 Nxd5 8.
exd5 Bxg5 9. dxc6 bxc6 10. Bxc6 Rb8 11. O-O Bg4 12. h3 Bh5 13. Qe1 Bxf3 14.
Bxf3 Rxb2 15. Qc3 Qb8 16. Qc4 Qb6 17. Qg4 Bf6 18. Be4 Rxc2 19. Qf5 g6 20. Qxf6
Qa6 21. Rfc1 Qa4 22. Qf3 c5 23. Bc6 Rxc1+ 24. Rxc1 Qxa2 25. Bd5 Qd2 26. Rd1 Qb4
27. g4 Qf4 28. Qxf4 exf4 29. d4 g5 30. dxc5 dxc5 31. Rc1 Rc8 32. Ra1 Rc7 33.
Ra6 c4 34. Rc6 Rxc6 35. Bxc6 c3 36. Ba4 a5 37. Kf1 Kg7 38. Ke2 Kg6 39. Bc2+ Kf6
40. Kd3 Ke5 41. f3 f5 42. Kxc3 fxg4 43. hxg4 h6 44. Kc4 Kd6 45. Kb5 Kd5 46.
Be4+ Kd4 47. Kxa5 Ke3 48. Kb5 Kf2 49. Kc5 Kg3 50. Kd5 Kh4 1/2-1/2

[Event "DVM U10 2015"]
[Site "Magdeburg GER"]
[Date "2015.12.28"]
[Round "5"]
[White "Gehrke, Gina Celina"]
[Black "Hostmann, Henning"]
[Result "1-0"]
[Termination "normal"]
[Board "26.1"]
[WhiteElo "1519"]
[BlackElo "965"]
[WhiteTeam "SV "Glück auf" Rüdersdorf"]
[BlackTeam "USC Magdeburg 2"]
[PlyCount "89"]
[WhiteFideId "16205979"]
[BlackFideId "16255380"]
[EventCountry "GER"]
[EventRounds "7"]
[EventType "team-swiss"]
[EventDate "2015.12.27"]

1. d4 e5 2. e3 exd4 3. exd4 Bb4+ 4. c3 Bd6 5. Bd3 Nf6 6. Nf3 O-O 7. O-O Be7 8.
Be3 d6 9. Nbd2 Be6 10. Ne4 Nbd7 11. Nfd2 Bg4 12. f3 Bh5 13. Be2 d5 14. Nxf6+
Bxf6 15. f4 Bg6 16. f5 Qe7 17. Bf4 Bxf5 18. Bxc7 Qe6 19. Kh1 Rfe8 20. Rxf5 Qxe2
21. Qxe2 Rxe2 22. Nb3 Rae8 23. Rff1 Nf8 24. Bg3 Ng6 25. Rae1 Bh4 26. Rxe2 Rxe2
27. Bd6 Nf4 28. Bxf4 g5 29. Be5 Rxb2 30. g3 Bxg3 31. Bxg3 f5 32. Rxf5 Rb1+ 33.
Kg2 h6 34. Kh3 Re1 35. Rxd5 Kf7 36. Re5 Rf1 37. Nd2 Rf6 38. Ne4 Ra6 39. Kg4 Kg7
40. Kh3 Rxa2 41. Re7+ Kg6 42. Re6+ Kg7 43. Nf6 Kh8 44. Re7 a5 45. Re8+ 1-0

[Event "DVM U10 2015"]
[Site "Magdeburg GER"]
[Date "2015.12.28"]
[Round "5"]
[White "Khanbekyan, Nare"]
[Black "Petersen, Sophie"]
[Result "0-1"]
[Termination "normal"]
[Board "26.2"]
[WhiteElo "698"]
[BlackElo "942"]
[WhiteTeam "USC Magdeburg 2"]
[BlackTeam "SV "Glück auf" Rüdersdorf"]
[PlyCount "42"]
[WhiteFideId "16270916"]
[BlackFideId "16229380"]
[EventCountry "GER"]
[EventRounds "7"]
[EventType "team-swiss"]
[EventDate "2015.12.27"]

1. e4 d5 2. Nc3 d4 3. Nb5 c6 4. Nxd4 Qxd4 5. Nf3 Qd8 6. Bc4 Bg4 7. d3 e6 8. Bf4
Nd7 9. d4 Bxf3 10. Qxf3 Nb6 11. Qg3 Nxc4 12. Bg5 Qxd4 13. O-O Bd6 14. Qh4 f6
15. Qg4 fxg5 16. Qxg5 Nf6 17. Qxg7 O-O-O 18. Rad1 Qxb2 19. c3 Qxc3 20. a3 Qe5
21. Rb1 Qxh2# 0-1

[Event "DVM U10 2015"]
[Site "Magdeburg GER"]
[Date "2015.12.28"]
[Round "5"]
[White "Haube, Jonas"]
[Black "Rabenstein, Jonathan"]
[Result "1/2-1/2"]
[Termination "normal"]
[Board "26.3"]
[WhiteElo "761"]
[BlackElo "766"]
[WhiteTeam "SV "Glück auf" Rüdersdorf"]
[BlackTeam "USC Magdeburg 2"]
[PlyCount "21"]
[WhiteFideId "34600574"]
[BlackFideId "16298462"]
[EventCountry "GER"]
[EventRounds "7"]
[EventType "team-swiss"]
[EventDate "2015.12.27"]

1. e4 e5 2. Nf3 Nc6 3. Bc4 Nf6 4. Nc3 Nxe4 5. d3 Nxc3 6. bxc3 d5 7. Bb5 Bc5 8.
Nxe5 a6 9. Bxc6+ bxc6 10. Nxc6 O-O 11. O-O {Rest nicht nachvollziehbar} 1/2-1/2

[Event "DVM U10 2015"]
[Site "Magdeburg GER"]
[Date "2015.12.28"]
[Round "5"]
[White "Franke, Josef"]
[Black "Fuchs, Thomas"]
[Result "0-1"]
[Termination "normal"]
[Board "27.1"]
[WhiteElo "946"]
[BlackElo "948"]
[WhiteTeam "SK Neumarkt"]
[BlackTeam "Stader SV"]
[PlyCount "84"]
[BlackFideId "16230574"]
[EventCountry "GER"]
[EventRounds "7"]
[EventType "team-swiss"]
[EventDate "2015.12.27"]

1. e4 c5 2. Nf3 d6 3. Bc4 g6 4. Ng5 e6 5. d4 cxd4 6. Qxd4 Nf6 7. e5 Nc6 8. Qd3
Nxe5 9. Qe2 Bg7 10. O-O O-O 11. Rd1 Nxc4 12. Qxc4 d5 13. Qb4 Bd7 14. Nc3 Qc7
15. Bf4 Qc6 16. Bd6 Rfe8 17. Nb5 Qxb5 18. Qxb5 Bxb5 19. a4 Bc6 20. b4 Ne4 21.
Nxe4 Bxa1 22. Rxa1 dxe4 23. b5 Bd5 24. Rc1 Rac8 25. Be5 Bb3 26. c3 Bxa4 27. c4
Bxb5 28. c5 b6 29. c6 Rxc6 30. Rb1 Rec8 31. Bf4 e5 32. Be3 f5 33. g3 Bd3 34.
Ra1 a5 35. Ra3 Rb8 36. f3 Kf7 37. fxe4 Bxe4 38. Ra2 Rc2 39. Ra1 Bd5 40. Rf1
Rg2+ 41. Kh1 Rxg3+ 42. Rf3 Bxf3# 0-1

[Event "DVM U10 2015"]
[Site "Magdeburg GER"]
[Date "2015.12.28"]
[Round "5"]
[White "Zöllner, Bente"]
[Black "Kraus, Jakob"]
[Result "1-0"]
[Termination "normal"]
[Board "27.2"]
[WhiteElo "764"]
[BlackElo "789"]
[WhiteTeam "Stader SV"]
[BlackTeam "SK Neumarkt"]
[PlyCount "53"]
[WhiteFideId "16230523"]
[EventCountry "GER"]
[EventRounds "7"]
[EventType "team-swiss"]
[EventDate "2015.12.27"]

1. d4 d5 2. Nf3 Bf5 3. Bf4 e6 4. e3 Bb4+ 5. Nbd2 Nc6 6. c3 Bd6 7. Bxd6 Qxd6 8.
Be2 Nf6 9. O-O O-O 10. Re1 a6 11. Nb3 e5 12. dxe5 Nxe5 13. Qd2 Bg4 14. Nxe5
Bxe2 15. Nxf7 Rxf7 16. Qxe2 Qd7 17. Rad1 Ng4 18. Rf1 Qd6 19. Qxg4 b5 20. e4 a5
21. Nd4 Rf4 22. Qe6+ Qxe6 23. Nxe6 Rf7 24. Rxd5 c6 25. Rd6 Ra6 26. Rd8+ Rf8 27.
Rxf8# 1-0

[Event "DVM U10 2015"]
[Site "Magdeburg GER"]
[Date "2015.12.28"]
[Round "5"]
[White "Schilay, Vinzenz"]
[Black "Alpers, Julia"]
[Result "0-1"]
[Termination "normal"]
[Board "27.3"]
[WhiteElo "779"]
[BlackElo "790"]
[WhiteTeam "SK Neumarkt"]
[BlackTeam "Stader SV"]
[PlyCount "58"]
[WhiteFideId "12983209"]
[EventCountry "GER"]
[EventRounds "7"]
[EventType "team-swiss"]
[EventDate "2015.12.27"]

{nicht weiter nachvollziehbar} 1. e4 e5 2. Nf3 Nc6 3. Nc3 Nf6 4. Bc4 Bc5 5. Ng5
O-O 6. d3 d6 7. Be3 b6 8. Bb3 Ng4 9. h3 Nxe3 10. fxe3 Qxg5 11. Qe2 Qh4+ 12. Kd1
Qg3 13. Kd2 Be6 14. Raf1 Bxb3 15. Rf3 Qg6 16. axb3 Bb4 17. h4 Bxc3+ 18. bxc3
Rad8 19. h5 Qe6 20. h6 gxh6 21. Rfh3 d5 22. Rxh6 Qe7 23. Rxh7 dxe4 24. Ke1 exd3
25. cxd3 Rfe8 26. Rh8+ Kg7 27. Qf3 Rxh8 28. Qg3+ Kf6 29. Rf1+ Ke6 0-1

[Event "DVM U10 2015"]
[Site "Magdeburg GER"]
[Date "2015.12.28"]
[Round "5"]
[White "Willberg, Marek"]
[Black "Kracke, Lukas"]
[Result "1-0"]
[Termination "normal"]
[Board "29.1"]
[WhiteElo "900"]
[BlackElo "784"]
[WhiteTeam "BSG Grün-Weiß Leipzig 2"]
[BlackTeam "KSV Rochade Göttingen 2"]
[PlyCount "63"]
[WhiteFideId "16224027"]
[EventCountry "GER"]
[EventRounds "7"]
[EventType "team-swiss"]
[EventDate "2015.12.27"]

1. e4 e5 2. Nf3 Nc6 3. Bc4 Nf6 4. Nc3 Bc5 5. d3 Ng4 6. O-O O-O 7. Bg5 Qe8 8.
Nd5 h6 9. Nxc7 hxg5 10. Nxe8 Rxe8 11. Nxg5 Rf8 12. Qxg4 Nd4 13. Qh5 Rd8 14.
Qh7+ Kf8 15. Bxf7 Ne2+ 16. Kh1 b6 17. Qh8+ Ke7 18. Qxg7 Nf4 19. Qxe5+ Kf8 20.
Qxf4 Bb7 21. Bd5+ Kg7 22. Qf7+ Kh6 23. Bxb7 Kxg5 24. f4+ Kh6 25. Bxa8 Rf8 26.
Qxd7 Rxa8 27. Qc6+ Kh7 28. Qxa8 Bf8 29. Qxf8 a6 30. Qb8 a5 31. Rf3 b5 32. Rh3+
1-0

[Event "DVM U10 2015"]
[Site "Magdeburg GER"]
[Date "2015.12.28"]
[Round "5"]
[White "Müller, Johannes"]
[Black "Lesser, Luan"]
[Result "0-1"]
[Termination "normal"]
[Board "29.3"]
[WhiteElo "781"]
[BlackElo "800"]
[WhiteTeam "BSG Grün-Weiß Leipzig 2"]
[BlackTeam "KSV Rochade Göttingen 2"]
[PlyCount "30"]
[BlackFideId "34640150"]
[EventCountry "GER"]
[EventRounds "7"]
[EventType "team-swiss"]
[EventDate "2015.12.27"]

1. Nf3 Nc6 2. e4 e5 3. Nc3 Nf6 4. Bc4 d6 5. d3 Bg4 6. Bg5 Bxf3 7. Qxf3 Nd4 8.
Qd1 Be7 9. Be3 O-O 10. Bxd4 exd4 11. Ne2 c5 12. O-O d5 13. Bb3 Qc7 14. Qd2 Ng4
15. Bxd5 Qxh2# 0-1